000 00507nam a2200181Ia 4500
008 151018s9999 xx 000 0 und d
082 _bRBASDV27720
_a891.463
100 _aजयश्री खिरे
245 _aमोतिया
250 _b1
260 _bदिलीपराज
_c1994
300 _a139
600 _aजयश्री खिरे
630 _aमोतिया
700 _aजयश्री खिरे
730 _aमोतिया
942 _cBOOK
999 _c1027309
_d1027306